000 01497nam a22004097a 4500
003 CHAP
005 20220329141626.0
008 971013s1987 r 00010 d
010 _a71233
011 _a72205
035 _a81759
040 _cCHAP
090 _aTesis
100 0 0 _aBaeza Argaez, María Gabriela.
_99389
245 _aComportamiento en vivero de Pinus ayacahuite var. veitchu Shaw y Abies guatemalensis Rabder bajo diferentes intensidades de luz
260 _aChapingo, Méx. :
_bEl autor,
_c1987
300 _a97 h.
_b; gráfs.
502 _aTesis (Ing. Forestal Esp. en Silvicultura) -- UACH. División de Ciencias Forestales
590 _aALEPH
_b10
_c20130110
_lUCH01
_h1411
590 _aBATCH-UPD
_b10
_c20130110
_lUCH01
_h0010
590 _aBATCH-UPD
_b10
_c20130110
_lUCH01
_h0529
590 _aBATCH-UPD
_b10
_c20130111
_lUCH01
_h0003
590 _aBATCH-UPD
_b10
_c20130409
_lUCH01
_h1946
590 _aBATCH-UPD
_b10
_c20130410
_lUCH01
_h0209
590 _aBATCH-UPD
_b10
_c20130913
_lUCH01
_h1819
590 _aBATCH-UPD
_b10
_c20130914
_lUCH01
_h1736
590 _aCONVERSION
_b10
_c20130109
_lUCH01
_h1339
650 1 4 _aAbies guatemalensis.
_9226
650 1 4 _aÁrboles
_xCrecimiento.
_96583
650 1 4 _aLuz
_xEfecto en plantas.
_969241
650 1 4 _aPináceas
_xGerminación.
_988238
650 1 4 _aPinus ayacahuite.
_988320
700 0 _aNájera Contreras, Francisco Javier.
_981500
901 _aBK
942 _cTESIS
949 _bBC
_cTES
_d-35361
_eTS1
_h10378
_i81759
_si
999 _c71233
_d71233